000 00614nam a22002057a 4500
999 _c164
_d164
003 OSt
005 20191016131759.0
008 140709b xxu||||| |||| 00| 0 eng d
020 _a9781437709742
040 _cDNLM
082 _aQY25 M381h 2011
_bM
100 _aMcpherson, Richard A.; Pincus, Matthew R.
_9433
245 _aHenry's Clinical Diagnosis and Management by Laboratory Methods
250 _a22nd ed.
260 _aPhiladelphia:
_bSaunders,
_c2011
300 _axxi,1543p;
_bcol.col
_c28cm
504 _aAppendices, references, index included
650 _aClinical chemistry
_9428
942 _2z
_cO_SHELF